| 000 | 00740cam a22002657a 4500 | ||
|---|---|---|---|
| 020 | _a9780321902498 (pbk.) | ||
| 020 | _a0321902491 (pbk.) | ||
| 040 | _cNLE | ||
| 082 | 0 | 4 | _a794 NEW 2013 C157 Or. |
| 245 | 0 | 0 | _a100 principles of game design / |
| 246 | 3 | _aOne hundred principles of game design | |
| 246 | 3 | _aHundred principles of game design | |
| 246 | 3 | 0 | _aGame design |
| 260 |
_a[Berkeley, Calif.] : _bNew Riders, _cc2013. |
||
| 300 |
_a223 p. : _bill. (chiefly col.) ; _c26 cm. |
||
| 490 | 1 | _aNRG | |
| 500 | _aIncludes index. | ||
| 650 | 0 | _aComputer games | |
| 650 | 0 | _aComputer games | |
| 650 | 7 | _aComputer games | |
| 650 | 7 | _aComputer games | |
| 700 | 1 | _aDespain, Wendy. | |
| 700 | 1 | _aAcosta, Keyvan. | |
| 942 | _cAEDBB | ||
| 999 |
_c18988 _d18988 |
||